LEADER 02215oam 2200529zu 450 001 9910376487203321 005 20210807002016.0 035 $a(CKB)3170000000002618 035 $a(SSID)ssj0001138981 035 $a(PQKBManifestationID)11628852 035 $a(PQKBTitleCode)TC0001138981 035 $a(PQKBWorkID)11171635 035 $a(PQKB)11031308 035 $a(WaSeSS)IndRDA00015543 035 $a(Association for Computing Machinery)10.1145/1182807 035 $a(EXLCZ)993170000000002618 100 $a20160829d2006 uy 101 0 $aeng 135 $aur||||||||||| 181 $ctxt 182 $cc 183 $acr 200 10$aSenSys '06 : proceedings of the fourth International Conference on Embedded Networked Sensor Systems : Oct. 31-Nov.3, 2006, Boulder, Colorado, USA 210 31$a[Place of publication not identified]$cACM$d2006 215 $a1 online resource (430 pages) 225 1 $aACM Conferences 300 $aBibliographic Level Mode of Issuance: Monograph 311 $a1-59593-343-3 410 0$aACM Conferences 517 1 $aSensor Systems '06 :$eproceedings of the fourth International Conference on Embedded Networked Sensor Systems : October 31-November 3, 2006, Boulder, Colorado, United States of America 517 1 $aProceedings of the 4th International Conference on Embedded Networked Sensor Systems 517 1 $aSenSys '06 517 1 $aACM Conference on Embedded Network Sensor Systems, Boulder, CO, USA - November 01 - 03, 2006 606 $aElectrical & Computer Engineering$2HILCC 606 $aEngineering & Applied Sciences$2HILCC 606 $aElectrical Engineering$2HILCC 615 7$aElectrical & Computer Engineering 615 7$aEngineering & Applied Sciences 615 7$aElectrical Engineering 700 $aCampbell$b Andrew$091889 712 02$aAssociation for Computing Machinery Special Interest Group on Data Communications, 712 02$aACM SIGMOBILE 801 0$bPQKB 906 $aBOOK 912 $a9910376487203321 996 $aSenSys '06 : proceedings of the fourth International Conference on Embedded Networked Sensor Systems : Oct. 31-Nov.3, 2006, Boulder, Colorado, USA$92238064 997 $aUNINA